[Event "VI Sunway Sitges Open 2019"]
[Site "Sitges"]
[Date "2019.12.15"]
[Round "3.27"]
[White "Melkumyan, Hrant"]
[Black "Bharath Subramaniyam H"]
[Result "1-0"]
[WhiteElo "2668"]
[BlackElo "2420"]
[Annotator "TA"]
[PlyCount "83"]
[EventDate "2019.12.13"]
[EventType "swiss"]
[EventCountry "ESP"]
[SourceTitle "playchess.com"]
[Source "ChessBase"]
[SourceQuality "1"]

{[%evp 9,83,1,-14,-20,-8,0,6,5,8,7,7,8,8,6,0,0,8,-27,-10,-15,-19,-23,36,8,40,25,111,111,104,106,147,148,164,141,191,187,180,127,121,110,191,187,197,172,137,165,316,314,300,279,355,368,344,342,459,448,431,434,431,427,431,402,528,527,526,511,595,576,489,443,29987,29988,29988,29989,29993,29994]} 1. d4 Nf6 2. c4 e6 3. Nc3 Bb4 4. f3 c5 5. d5 b5 6. e4 {E20: Nimzo-Indian: 4 g3 and 4 f3} O-O 7. Nh3 d6 (7... bxc4 8. Bxc4 Nxd5 9. Bxd5 exd5 10. Qxd5 Nc6 11. O-O Ba6 12. Rf2 Re8 13. Bg5 Qb6 14. Be3 {½-½ (23) Firouzja,A (2702)-Ding,L (2811) Khanty-Mansiysk 2019}) 8. Nf4 {The position is equal.} exd5 9. Nfxd5 Nxd5 10. Qxd5 Qb6 11. Bf4 (11. Qxa8 Bb7 $17) 11... Be6 12. Qxd6 Qa5 $132 {[%mdl 2048] Black is not keeping still} 13. Kf2 Rd8 $1 {[%cal Rd8d6]} 14. Qc7 $1 {Black must now prevent Nd5.} Rd2+ 15. Kg3 g5 $146 ({Black should play} 15... Qxc7 $11 16. Bxc7 Bxc3 17. bxc3 bxc4) ({Predecessor:} 15... Qxc7 16. Bxc7 Bxc3 17. bxc3 bxc4 {½-½ (40) Amico,R (2375)-Mosconi,T (2421) ICCF email 2016}) 16. Bd6 {And now Qe7 would win.} Qxc7 17. Bxc7 Bxc3 (17... Rxb2 $11 {keeps the balance.} 18. Nd5 (18. Nxb5 Nc6 $17) 18... Nd7) 18. bxc3 $16 bxc4 19. h4 $1 g4 20. f4 $1 ({Of course not} 20. fxg4 $6 Nd7 $11) 20... f6 21. f5 Bf7 {[#]} 22. h5 $1 ({Much less strong is} 22. Kxg4 $6 Nc6 $14) 22... Nc6 23. h6 (23. Rh4 $18) 23... Re8 24. Re1 Ne7 {[#]} (24... Rc2 $16) 25. Rb1 $1 $18 ({And not} 25. Kxg4 Nd5 $11) 25... Nc6 26. Rh4 Rxe4 27. Bf4 Rd8 $2 (27... Rc2 28. Rxg4+ Kh8) 28. Rxg4+ Kh8 29. Rg7 Bg8 30. Rbb7 Rde8 31. Kf3 Ne7 32. Kxe4 Bd5+ 33. Ke3 Bxb7 34. Kf2 Bd5 35. g4 Nc6 36. Rd7 Rd8 37. Rc7 Rb8 38. Kg3 Re8 39. Bg2 Ne7 {[#]} (39... Bxg2 $18 40. Kxg2 Ne7) 40. Rxe7 $1 {[%mdl 576] Remove Defender. White mates.} Rxe7 41. Bxd5 Re2 42. g5 {Accuracy: White = 92%, Black = 47%.} 1-0

[Event "VI Sunway Sitges Open 2019"]
[Site "Sitges"]
[Date "2019.12.15"]
[Round "3.28"]
[White "Haldorsen, Benjamin"]
[Black "Edouard, Romain"]
[Result "*"]
[WhiteElo "2455"]
[BlackElo "2653"]
[Annotator "TA"]
[PlyCount "23"]
[EventDate "2019.12.13"]
[EventType "swiss"]
[EventCountry "ESP"]
[SourceTitle "playchess.com"]
[Source "ChessBase"]
[SourceQuality "1"]

{[%evp 9,10,7,24]} 1. e4 c5 2. Nc3 Nc6 3. Bb5 Nd4 4. Nf3 a6 5. Bd3 g6 {Predecessor:} 6. Nxd4 $146 cxd4 7. Ne2 Bg7 8. O-O d5 9. exd5 Qxd5 10. c3 dxc3 11. dxc3 Nf6 12. Nf4 {½-½ (35) Chigaev,M (2640)-Sakaev,K (2584) Yaroslavl 2019} *

[Event "VI Sunway Sitges Open 2019"]
[Site "Sitges"]
[Date "2019.12.15"]
[Round "3.29"]
[White "Sardana, Rishi"]
[Black "Petrosyan, Manuel"]
[Result "1/2-1/2"]
[WhiteElo "2428"]
[BlackElo "2613"]
[Annotator "TA"]
[PlyCount "48"]
[EventDate "2019.12.13"]
[EventType "swiss"]
[EventCountry "ESP"]
[SourceTitle "playchess.com"]
[Source "ChessBase"]
[SourceQuality "1"]

{[%evp 9,48,20,22,29,8,10,39,41,41,18,17,22,36,22,44,47,21,-8,-4,-39,-2,-3,36,27,27,27,9,12,38,19,41,-15,0,0,20,0,6,0,22,0,11]} 1. Nf3 d5 2. g3 g6 3. Bg2 Bg7 4. d4 Nd7 (4... Nf6 5. O-O O-O 6. c4 c6 7. cxd5 cxd5 8. Ne5 Nc6 9. Nc3 e6 10. Nxc6 bxc6 11. Na4 Nd7 12. Bf4 Qa5 13. Rc1 Ba6 14. b3 Bb5 15. Re1 Bxa4 16. bxa4 Rfc8 17. e4 Qb4 18. Be3 Nb6 19. e5 Qxa4 20. Qb3 Qa6 {1-0 (53) Ding,L (2811)-Shankland,S (2705) chess.com INT 2019}) 5. O-O Ngf6 6. a4 {D02: 1 d4 d5 2 Nf3 sidelines, including 2...Nf6 3 g3 and 2...Nf6 3 Bf4} a5 7. b3 Ne4 $146 ({Predecessor:} 7... O-O 8. c4 c5 9. Bb2 b6 10. Na3 Bb7 11. e3 Rc8 12. Qe2 {½-½ (31) Bok,B (2601)-Van Foreest,J (2629) Amstelveen 2017}) 8. c4 {White is slightly better.} c6 9. cxd5 cxd5 10. Na3 Nd6 11. Bf4 Nf6 12. Rc1 O-O 13. Nb5 Nxb5 14. axb5 Qe8 15. b6 $1 Nd7 16. Bc7 Ra6 17. Qc2 Nxb6 18. Qc5 Nd7 {[%cal Bb6d7,Bd7f6,Bf6e4][%mdl 32]} 19. Qxd5 Nf6 20. Qc5 (20. Qg5 $14) 20... Ne4 {The position is equal.} (20... b6 $5 {[%cal Rb6c5]} 21. Qa3 (21. Bxb6 $2 Nd7 $19 {[%mdl 64] Double Attack}) 21... Bb7 $11) 21. Qd5 Nf6 22. Qc5 Ne4 23. Qd5 Nf6 24. Qc5 Ne4 {Accuracy: White = 70%, Black = 61%.} 1/2-1/2

[Event "VI Sunway Sitges Open 2019"]
[Site "Sitges"]
[Date "2019.12.15"]
[Round "3.30"]
[White "Nihal Sarin"]
[Black "Kulkarni Bhakti"]
[Result "1-0"]
[WhiteElo "2612"]
[BlackElo "2418"]
[Annotator "TA"]
[PlyCount "51"]
[EventDate "2019.12.13"]
[EventType "swiss"]
[EventCountry "ESP"]
[SourceTitle "playchess.com"]
[Source "ChessBase"]
[SourceQuality "1"]

{[%evp 9,51,1,4,-41,0,0,20,0,25,2,12,-41,-60,-60,80,82,75,78,174,164,184,182,187,152,189,156,225,219,398,389,397,396,567,561,738,726,881,868,875,841,833,807,781,756]} 1. Nf3 d5 2. e3 Nf6 3. c4 e6 4. b3 Bd6 5. Bb2 c5 6. g4 {A13: English Opening: 1...e6} (6. Bxf6 $5 gxf6 7. Nc3 $11) 6... O-O $146 ({Predecessor:} 6... h6 7. Rg1 e5 8. Nxe5 Qe7 9. f4 Nbd7 10. Nd3 Ne4 11. Qf3 dxc4 12. bxc4 Qh4+ 13. Nf2 {1-0 (24) Khismatullin,D (2656)-Popilski,G (2486) St Petersburg 2013}) 7. g5 Nfd7 8. Nc3 {The position is equal.} Nb6 9. a4 a5 10. Nb5 (10. Rg1 $11) 10... Nc6 $15 11. h4 d4 (11... e5 $15 {stays ahead.}) 12. exd4 $16 cxd4 13. Nfxd4 ({But not} 13. Nxd6 Qxd6 14. Ba3 Nb4 $15) 13... Nb4 {[#]} (13... Bc5 $16 14. Nxc6 bxc6) 14. Nc2 $1 $36 {[%mdl 2048] White has strong initiative.} Bf4 15. Nxb4 axb4 16. d4 e5 17. Bg2 Qe7 (17... e4 $16 18. d5 (18. Bxe4 Re8 $16) 18... Nd7) 18. O-O f6 $2 {[#]} (18... h6 {was called for.} 19. a5 hxg5) 19. dxe5 fxg5 20. Qd6 Qe8 (20... Qxd6 $142 21. Nxd6 gxh4 22. Nxc8 Nxc8 23. Bxb7 Ra5) 21. Qxb6 {White is clearly winning.} Qh5 22. e6 Qxh4 23. Rfe1 Bh2+ 24. Kf1 Ra6 25. Qd4 Qxd4 26. Bxd4 {Accuracy: White = 79%, Black = 14%.} 1-0

[Event "VI Sunway Sitges Open 2019"]
[Site "Sitges"]
[Date "2019.12.15"]
[Round "3.31"]
[White "Durarbayli, Vasif"]
[Black "Travadon, Loic"]
[Result "1-0"]
[WhiteElo "2609"]
[BlackElo "2412"]
[Annotator "TA"]
[PlyCount "47"]
[EventDate "2019.12.13"]
[EventType "swiss"]
[EventCountry "ESP"]
[SourceTitle "playchess.com"]
[Source "ChessBase"]
[SourceQuality "1"]

{[%evp 13,30,41,77,69,76,62,74,81,77,35,33,32,30,22,35,20,34,27,0]} 1. e4 e5 2. Nf3 d6 3. d4 exd4 4. Nxd4 Nf6 5. Nc3 Be7 6. Bf4 O-O 7. Qd2 d5 8. Ndb5 {C41: Philidor Defence} Bb4 $1 9. O-O-O ({Inferior is} 9. Bxc7 Qe7 $17) 9... c6 {[#]} 10. Nc7 $1 {White is better.} Nxe4 11. Qd4 (11. Qe3 $5 {[%cal Rc3e4]} Bc5 12. Qxe4 {[%mdl 64] Pin} Qxc7 13. Bxc7 dxe4 14. Nxe4 $16) 11... Bxc3 $146 (11... Nxc3 12. bxc3 Ba3+ 13. Kb1 Nd7 14. Qa4 Be7 15. Nxa8 Nc5 16. Qxa7 {1-0 (51) Grischuk,A (2763)-Mamedyarov,S (2726) Astana 2012}) 12. bxc3 {[%cal Bb2c3,Bc3c4][%mdl 32] Threatens to win with f3.} Qe7 $1 {[%cal Re7a3]} 13. c4 {aiming for Bd3.} Qa3+ 14. Qb2 Qa5 $1 ({Don't play} 14... Qxb2+ $6 15. Kxb2 Nxf2 16. Be2 $16) 15. Nxa8 {[#] And now f3 would win.} Nxf2 16. Be2 Nxh1 17. Rxh1 Na6 18. Bd2 Qd8 19. cxd5 Qxd5 20. Bxa6 bxa6 21. Re1 Rd8 22. Bc3 Bf5 23. Nc7 Qxg2 24. Bd4 1-0

[Event "VI Sunway Sitges Open 2019"]
[Site "Sitges"]
[Date "2019.12.15"]
[Round "3.32"]
[White "Rathanvel, V S"]
[Black "Adly, Ahmed"]
[Result "0-1"]
[WhiteElo "2410"]
[BlackElo "2607"]
[Annotator "TA"]
[PlyCount "140"]
[EventDate "2019.12.13"]
[EventType "swiss"]
[EventCountry "ESP"]
[SourceTitle "playchess.com"]
[Source "ChessBase"]
[SourceQuality "1"]

{[%evp 12,140,22,23,14,12,24,11,27,27,19,20,25,33,22,18,31,31,33,19,31,18,11,8,8,8,12,3,12,2,15,6,16,24,54,21,78,38,65,21,21,29,19,11,14,0,0,0,0,0,0,0,0,0,0,0,0,0,0,0,0,0,0,0,0,0,0,0,0,0,0,-14,-14,-14,-25,-89,-26,-41,-62,-105,-104,-112,-112,-122,-114,-141,-126,-137,-94,-99,-102,-83,-90,-147,-127,-145,-151,-362,-62,-253,-252,-222,-162,-149,-131,-142,-175,-170,-167,-154,-154,-137,-137,-153,-77,-12838,-12839,-12844,-12844,-12845,-12845,-12845,-12846,-12846,-12847,-12847,-12847,-12849,-12849,-12850,-12850]} 1. e4 c6 2. d4 d5 3. e5 Bf5 4. Nf3 e6 5. Be2 Ne7 6. O-O c5 7. dxc5 Nec6 {B12: Caro-Kann: Advance Variation} 8. Be3 {With the idea c4.} Nd7 9. c4 dxc4 {The position is equal.} (9... Bxc5 10. cxd5 exd5 11. Bxc5 Nxc5 12. Nc3 d4 13. Nb5 d3 14. Nd6+ Kf8 15. Nxf5 dxe2 16. Qxe2 {0-1 (26) Van Foreest,J (2614)-Navara,D (2736) Skopje 2018}) 10. Na3 c3 11. Qb3 Bxc5 12. Bxc5 Nxc5 13. Qxc3 Na4 {[#]} 14. Qb3 $146 ({Predecessor:} 14. Qc1 Rc8 15. Rd1 {1-0 (32) Timoshenko,G (2570)-Lueders,G (2265) Berlin 1997}) 14... Nb6 15. Rfd1 Qe7 16. Nb5 {Threatens to win with Nd6+.} O-O 17. Nxa7 Nb4 $1 18. Nd4 Rxa7 19. Nxf5 exf5 20. a3 $1 Ra4 21. Rd6 Nc6 $1 22. Qxb6 Nxe5 23. Rad1 f4 (23... Re4 $11 {keeps the balance.} 24. Bf1 Nc4 25. Bxc4 Rxc4) 24. Rd8 Ra8 25. Rxa8 Rxa8 26. Qd6 Kf8 27. Bf1 f3 28. gxf3 Nxf3+ 29. Kg2 Nh4+ 30. Kh3 {aiming for Qxe7+.} Nf5 31. Qxe7+ Kxe7 $11 {[%mdl 4096] Endgame KRB-KRN} 32. Bg2 Nd6 33. Rc1 Kd7 34. Kg3 Ra5 35. f4 Ra4 36. Rd1 Kc7 37. Rd3 Rc4 38. b4 h6 39. Bd5 Rc2 40. h4 h5 41. a4 Rb2 42. Rb3 Rd2 43. Rc3+ (43. Bf3 $1 $11) 43... Kd8 (43... Kb8 $17 44. Bf3 Rd4) 44. Bf3 Rd4 45. Rc5 Rxb4 46. Rxh5 Rxa4 47. Rd5 Ke7 48. h5 b5 49. Kg4 Ra1 50. Be2 b4 {White must now prevent ...b3.} 51. Rd4 Rb1 52. f5 (52. Kf3 $142) 52... f6 $1 $17 53. Kf4 Rb2 $1 {[%cal Rb2e2]} 54. Bd3 $2 (54. Bf3 $17) 54... Nf7 $2 (54... Rf2+ $19 55. Kg3 Rxf5) 55. Bc4 $2 (55. Ke3 $15) 55... Ne5 $19 56. Be6 Rg2 57. Ke3 {[#]} b3 $1 {[%cal Bb4b3,Bb3b2][%mdl 544]} 58. Rb4 (58. Bxb3 Rg3+) 58... b2 59. Rb6 Rh2 60. Kd4 {[#]} Nc6+ $1 {[%mdl 512]} 61. Kc3 {[#]} (61. Rxc6 b1=Q) 61... Kd6 $1 62. Ba2 Kc5 ({Black should try} 62... Kc7 63. Rxb2 Rxb2 64. Kxb2 Kd6) 63. Rxb2 $2 {[%mdl 8192]} (63. Rb7 $17) 63... Rxb2 {Black is clearly winning.} 64. Kxb2 $17 {KB-KN} Kd4 65. Be6 Ke5 66. Kc3 Nd4 67. Bf7 Nxf5 68. Kd3 Kf4 69. Bg6 Kg5 70. Ke4 Ng3+ {Accuracy: White = 57%, Black = 69%.} 0-1

[Event "VI Sunway Sitges Open 2019"]
[Site "Sitges"]
[Date "2019.12.15"]
[Round "3.33"]
[White "Svane, Rasmus"]
[Black "Trent, Lawrence"]
[Result "1-0"]
[WhiteElo "2597"]
[BlackElo "2396"]
[Annotator "TA"]
[PlyCount "131"]
[EventDate "2019.12.13"]
[EventType "swiss"]
[EventCountry "ESP"]
[SourceTitle "playchess.com"]
[Source "ChessBase"]
[SourceQuality "1"]

{[%evp 15,131,-22,8,6,4,15,9,8,35,27,35,5,76,7,65,18,22,22,21,0,0,-13,0,-15,0,0,0,0,0,0,27,0,26,34,41,37,43,42,95,98,81,93,71,81,97,100,99,98,93,92,120,119,117,122,155,145,145,145,151,143,139,125,185,171,154,154,144,127,127,137,144,144,144,143,142,137,138,135,135,127,187,183,165,0,151,155,154,154,220,192,269,0,171,161,249,151,178,178,162,126,282,279,436,475,441,449,481,481,431,426,828,791,910,849,1423,837,29994,29995]} 1. Nf3 c5 2. c4 Nf6 3. Nc3 d5 4. cxd5 Nxd5 5. g3 Nc6 6. Bg2 Nc7 7. Qa4 Bd7 8. Qe4 f6 9. d4 {A34: Symmetrical English: 2 Nc3, lines with ...d5} cxd4 10. Nxd4 e5 11. Nb3 {The position is equal.} (11. Nf5 g6 12. Ne3 f5 13. Qc4 e4 14. O-O Be6 15. Qa4 Qd4 16. Qxd4 Nxd4 {0-1 (64) Zimina,O (2412)-Paehtz,E (2475) Le Castella 2018}) 11... Bb4 12. O-O Qe7 13. Qc2 $146 ({Predecessor:} 13. Nd5 Nxd5 14. Qxd5 Rd8 15. Be3 Bh3 16. Qc4 Bxg2 17. Kxg2 {0-1 (40) Shaw,A (2330)-Jaluvka,J (2200) ICCF email 1998}) 13... Rc8 (13... O-O $11) 14. Be3 (14. a3 $16 Bxc3 15. bxc3 (15. Qxc3 Nb5 $11)) 14... Bxc3 (14... O-O $11) 15. Qxc3 Ne6 $1 16. Rfd1 O-O 17. Qd3 Rfd8 18. Qd6 Kf7 19. Qd5 Be8 20. Qe4 Kg8 21. Rxd8 Rxd8 22. Rc1 Qd6 23. Qc4 {[#] Threatens to win with Nc5.} Bf7 {aiming for ...Nf4.} 24. Qb5 $36 {[%mdl 2048] White has the initiative.} Qd7 25. h4 {[%cal Rg2c6]} Be8 26. Qc4 {Black must now prevent Nc5.} Bf7 (26... Qf7 $14) 27. Bxc6 $16 bxc6 28. Qxc6 Qxc6 29. Rxc6 Nd4 30. Nxd4 exd4 31. Bxd4 Bxa2 {[%mdl 4096] Endgame KRB-KRB} 32. e3 Bd5 33. Rc7 a6 34. g4 Bf7 35. Ra7 Bc4 36. g5 Rf8 37. Rc7 Bb5 38. Kg2 h6 (38... Rf7 $16 39. Rc8+ Rf8 40. Rxf8+ Kxf8 41. gxf6 Bc6+ 42. Kg3 g6) 39. gxf6 gxf6 40. Kf3 Rf7 41. Rc5 Kg7 42. Kf4 Re7 43. h5 Be8 44. Rc1 Kf7 45. f3 Rd7 46. Rc8 Rd6 47. Rb8 Rc6 (47... a5 $16 48. Bc3 a4) 48. Rb7+ $18 Kg8 49. Rb8 Kf7 50. e4 Rd6 51. Bc3 Rc6 (51... Re6 $16 {is a better defense.} 52. Bd4 Rd6) 52. Rb7+ Kg8 (52... Kf8 {might work better.} 53. Kg4 Kg8) 53. Rb8 Kf7 54. Bb4 Re6 (54... Rc7 $142 55. Bc3 Rc6) 55. Bd2 Re5 56. Bc3 Re6 57. Rb7+ Kg8 $2 {[#]} (57... Re7 $16 58. Rb8 Re6) 58. Kf5 $1 Rc6 (58... Rd6 $142 59. Bxf6 Bd7+ 60. Ke5 Re6+ 61. Kd4 Rxf6) 59. Bxf6 Bxh5 60. f4 Bf3 {Now ...Bxe4+ and Black clings on.} 61. Rb8+ Kf7 62. e5 h5 (62... Bd5 $142 63. Rb7+ Ke8) 63. Rb7+ Kf8 64. Rh7 {White wants to mate with Rh8+.} Ke8 65. Kg6 Rc4 66. e6 {Accuracy: White = 74%, Black = 35%.} 1-0

[Event "VI Sunway Sitges Open 2019"]
[Site "Sitges"]
[Date "2019.12.15"]
[Round "3.34"]
[White "Mendonca, Leon Luke"]
[Black "Liang, Awonder"]
[Result "1/2-1/2"]
[WhiteElo "2398"]
[BlackElo "2593"]
[Annotator "ChessBase"]
[PlyCount "49"]
[EventDate "2019.12.13"]
[EventType "swiss"]
[EventCountry "ESP"]
[SourceTitle "playchess.com"]
[Source "ChessBase"]
[SourceQuality "1"]
[TimeControl "40/5400+30:1800+30"]

1. d4 {[%emt 0:04:29]} Nf6 {[%emt 0:00:16]} 2. c4 {[%emt 0:00:18]} g6 {[%emt 0:00:16]} 3. Nc3 {[%emt 0:00:07]} d5 {[%emt 0:00:34]} 4. Nf3 {[%emt 0:00:07]} Bg7 {[%emt 0:00:32]} 5. e3 {[%emt 0:00:32]} O-O {[%emt 0:03:13]} 6. cxd5 {[%emt 0:00:00]} Nxd5 7. Bc4 {[%emt 0:05:51]} e6 {[%emt 0:04:33]} 8. O-O {[%emt 0:00:09]} b6 {[%emt 0:06:22]} 9. e4 {[%emt 0:03:17]} Nxc3 {[%emt 0:00:00]} 10. bxc3 {[%emt 0:00:00]} Bb7 {[%emt 0:01:27]} 11. Re1 {[%emt 0:10:59]} c5 {[%emt 0:04:19]} 12. Bg5 {[%emt 0:00:00]} Qd7 {[%emt 0:01:15]} 13. Qd2 {[%emt 0:02:11]} cxd4 {[%emt 0:05:46]} 14. cxd4 {[%emt 0:01:38]} Nc6 {[%emt 0:06:40]} 15. Rad1 {[%emt 0:02:05]} Na5 {[%emt 0:02:14]} 16. Bd3 {[%emt 0:04:31]} Rfc8 {[%emt 0:04:23]} 17. Qf4 {[%emt 0:15:19]} Rc3 {[%emt 0:07:17]} 18. d5 {[%emt 0:30:31]} exd5 {[%emt 0:20:44]} 19. e5 {[%emt 0:06:55]} Qc7 {[%emt 0:01:03]} 20. Bf6 {[%emt 0:08:27]} Bxf6 {[%emt 0:09:22]} 21. Qxf6 {[%emt 0:00:32]} Re8 {[%emt 0:04:52]} 22. Qh4 {[%emt 0:00:00]} Kg7 {[%emt 0:00:00]} 23. Qf6+ {[%emt 0:00:00]} Kg8 {[%emt 0:05:07]} 24. Qh4 {[%emt 0:00:00]} Kg7 {[%emt 0:00:00]} 25. Qf6+ {[%emt 0:01:28]} 1/2-1/2

[Event "VI Sunway Sitges Open 2019"]
[Site "Sitges"]
[Date "2019.12.15"]
[Round "3.35"]
[White "Ayats Llobera, Gerard"]
[Black "Santos Latasa, Jaime"]
[Result "0-1"]
[WhiteElo "2383"]
[BlackElo "2585"]
[Annotator "ChessBase"]
[PlyCount "166"]
[EventDate "2019.12.13"]
[EventType "swiss"]
[EventCountry "ESP"]
[SourceTitle "playchess.com"]
[Source "ChessBase"]
[SourceQuality "1"]
[TimeControl "40/5400+30:1800+30"]

1. Nf3 {[%emt 0:00:00]} c5 {[%emt 0:00:00]} 2. b3 {[%emt 0:00:35]} d6 {[%emt 0:00:52]} 3. d4 {[%emt 0:05:07]} cxd4 {[%emt 0:00:19]} 4. Nxd4 {[%emt 0:00:03]} Nf6 {[%emt 0:00:32]} 5. Bb2 {[%emt 0:05:31]} Nc6 {[%emt 0:06:15]} 6. g3 {[%emt 0:02:33]} Qa5+ {[%emt 0:00:52]} 7. Qd2 {[%emt 0:08:31]} Qd5 {[%emt 0:01:57]} 8. f3 {[%emt 0:00:49]} Nxd4 {[%emt 0:01:31]} 9. Bxd4 {[%emt 0:02:41]} e5 {[%emt 0:01:40]} 10. Bb2 {[%emt 0:00:52]} Qc5 {[%emt 0:03:47]} 11. c4 {[%emt 0:10:14]} Be7 {[%emt 0:00:45]} 12. Nc3 {[%emt 0:01:55]} O-O {[%emt 0:00:13]} 13. e4 {[%emt 0:07:34]} a6 {[%emt 0:02:08]} 14. Bd3 {[%emt 0:01:55]} Bd7 {[%emt 0:03:26]} 15. a4 {[%emt 0:04:50]} Be6 {[%emt 0:03:02]} 16. Qf2 {[%emt 0:06:24]} Qb4 {[%emt 0:02:59]} 17. Qc2 {[%emt 0:06:02]} Nd7 {[%emt 0:02:45]} 18. Ba3 {[%emt 0:03:00]} Qb6 {[%emt 0:00:52]} 19. Rb1 {[%emt 0:02:45]} Nc5 {[%emt 0:10:09]} 20. Bxc5 {[%emt 0:05:24]} Qxc5 {[%emt 0:02:02]} 21. Qf2 {[%emt 0:00:02]} Qb4 {[%emt 0:00:26]} 22. Qd2 {[%emt 0:00:45]} Qb6 {[%emt 0:02:41]} 23. Qf2 {[%emt 0:01:12]} Bd8 {[%emt 0:05:59]} 24. Qxb6 {[%emt 0:02:34]} Bxb6 {[%emt 0:01:15]} 25. Ke2 {[%emt 0:00:02]} Bd4 {[%emt 0:00:46]} 26. Nd5 {[%emt 0:00:41]} a5 {[%emt 0:01:04]} 27. Nc7 {[%emt 0:14:36]} Rac8 {[%emt 0:00:35]} 28. Nxe6 {[%emt 0:00:06]} fxe6 {[%emt 0:00:04]} 29. Rbf1 {[%emt 0:00:48]} Rf6 {[%emt 0:01:21]} 30. Kd2 {[%emt 0:05:05]} Rcf8 {[%emt 0:02:08]} 31. Be2 {[%emt 0:00:09]} Kf7 {[%emt 0:00:29]} 32. Rb1 {[%emt 0:02:27]} Bc5 {[%emt 0:00:16]} 33. Rhf1 {[%emt 0:00:11]} Ke7 {[%emt 0:00:09]} 34. Rbd1 {[%emt 0:00:41]} Kd7 {[%emt 0:00:27]} 35. Kc2 {[%emt 0:00:12]} Kc6 {[%emt 0:00:13]} 36. Rd3 {[%emt 0:00:35]} Rh6 {[%emt 0:01:40]} 37. Rh1 {[%emt 0:00:22]} g5 {[%emt 0:02:18]} 38. Rdd1 {[%emt 0:00:24]} Bd4 {[%emt 0:00:29]} 39. Rdf1 {[%emt 0:01:03]} Kc5 {[%emt 0:00:37]} 40. h3 {[%emt 0:00:00]} Rg6 {[%emt 0:00:00]} 41. Rh2 {[%emt 0:21:18]} h5 {[%emt 0:06:10]} 42. Rd1 {[%emt 0:05:51]} Rgf6 {[%emt 0:01:34]} 43. Rd3 {[%emt 0:01:36]} Rg8 {[%emt 0:00:34]} 44. Kd2 {[%emt 0:00:34]} Kb4 {[%emt 0:00:46]} 45. Rh1 {[%emt 0:00:33]} Rgf8 {[%emt 0:01:00]} 46. Rc1 {[%emt 0:00:31]} Kc5 {[%emt 0:00:16]} 47. Rh1 {[%emt 0:03:47]} Bf2 {[%emt 0:00:41]} 48. g4 {[%emt 0:00:15]} Rh8 {[%emt 0:00:12]} 49. Rf1 {[%emt 0:00:23]} Bd4 {[%emt 0:00:12]} 50. gxh5 {[%emt 0:01:00]} Rf4 {[%emt 0:00:13]} 51. Rd1 {[%emt 0:00:30]} Rxh5 {[%emt 0:00:28]} 52. Rh1 {[%emt 0:00:23]} Rh6 {[%emt 0:00:28]} 53. Kc2 {[%emt 0:00:27]} Kc6 {[%emt 0:03:06]} 54. Rdd1 {[%emt 0:00:22]} b6 {[%emt 0:00:35]} 55. Rb1 {[%emt 0:00:41]} Kc5 {[%emt 0:01:27]} 56. Rbd1 {[%emt 0:00:17]} Rh8 {[%emt 0:00:08]} 57. Rd3 {[%emt 0:00:21]} Kb4 {[%emt 0:00:18]} 58. Kd2 {[%emt 0:00:34]} Rfh4 {[%emt 0:00:50]} 59. Bf1 {[%emt 0:00:09]} Rf8 {[%emt 0:00:13]} 60. Kc2 {[%emt 0:00:37]} Rf7 {[%emt 0:01:36]} 61. Bg2 {[%emt 0:00:52]} Kc5 {[%emt 0:00:19]} 62. Re1 {[%emt 0:00:25]} Rhf4 {[%emt 0:00:39]} 63. Re2 {[%emt 0:00:31]} Kc6 {[%emt 0:00:14]} 64. Kd2 {[%emt 0:00:30]} Bc5 {[%emt 0:00:07]} 65. Kc2 {[%emt 0:00:35]} Kd7 {[%emt 0:00:10]} 66. Kd1 {[%emt 0:00:43]} Ke7 {[%emt 0:00:07]} 67. Re1 {[%emt 0:00:32]} R7f6 {[%emt 0:00:17]} 68. Rf1 {[%emt 0:00:23]} Kf7 {[%emt 0:00:13]} 69. Ke2 {[%emt 0:00:10]} Kg6 {[%emt 0:00:05]} 70. Rfd1 {[%emt 0:00:42]} Kh5 {[%emt 0:01:37]} 71. Rxd6 {[%emt 0:00:25]} Bxd6 {[%emt 0:01:23]} 72. Rxd6 {[%emt 0:00:01]} Kh4 {[%emt 0:00:07]} 73. Kf2 {[%emt 0:01:06]} Rxe4 {[%emt 0:00:26]} 74. Rd8 {[%emt 0:00:01]} Kh5 {[%emt 0:00:16]} 75. Rh8+ {[%emt 0:00:28]} Kg6 {[%emt 0:00:10]} 76. Rb8 {[%emt 0:00:12]} Rd4 {[%emt 0:02:33]} 77. Rxb6 {[%emt 0:00:44]} Rd2+ {[%emt 0:00:16]} 78. Kg3 {[%emt 0:00:38]} Rd3 {[%emt 0:00:26]} 79. Kh2 {[%emt 0:00:33]} Rc3 {[%emt 0:02:08]} 80. Rb5 {[%emt 0:00:28]} e4 {[%emt 0:00:25]} 81. fxe4 {[%emt 0:00:19]} Rf2 {[%emt 0:00:06]} 82. Kg1 {[%emt 0:00:23]} Rb2 {[%emt 0:00:08]} 83. Bf1 {[%emt 0:01:15]} Rg3+ {[%emt 0:00:31]} 0-1